Los Angeles Chargers: Top 10 All-Time Leaders - Statistics

General Stats
  • This quiz has been taken 64 times
  • The average score is 19 of 60
Answer Stats
Category # Player Amount % Correct
Passing Yards 1 Philip Rivers 59,271
98%
Passing Yards 4 Justin Herbert 21,653
96%
Rushing Yards 1 LaDainian Tomlinson 12,490
96%
Receiving Yards 2 Keenan Allen 10,659
91%
Receiving Yards 1 Antonio Gates 11,841
85%
Sacks 3 Joey Bosa 69.0
78%
Passing Yards 2 Dan Fouts 43,040
76%
Tackles 1 Junior Seau 1,287
72%
Sacks 8 Junior Seau 47.0
72%
Passing Yards 6 Drew Brees 12,348
70%
Receiving Yards 10 Mike Williams 4,806
70%
Interceptions 5 Mike Williams 24
70%
Sacks 5 Lee Williams 65.5
65%
Receiving Yards 3 Lance Alworth 9,584
59%
Rushing Yards 3 Austin Ekeler 4,355
57%
Tackles 8 Derwin James 391
52%
Receiving Yards 6 Kellen Winslow 6,741
48%
Rushing Yards 5 Melvin Gordon 4,240
48%
Sacks 4 Gary Johnson 67.5
46%
Sacks 9 Raylee Johnson 46.0
46%
Passing Yards 3 John Hadl 26,938
39%
Passing Yards 8 Doug Flutie 4,901
33%
Rushing Yards 6 Ryan Mathews 4,061
31%
Sacks 10 Leroy Jones 45.0
30%
Interceptions 2 Dick Harris 29
28%
Passing Yards 5 Stan Humphries 16,085
28%
Receiving Yards 4 Charlie Joiner 9,203
26%
Tackles 3 Eric Weddle 683
22%
Passing Yards 10 Jim Harbaugh 4,177
22%
Sacks 7 Melvin Ingram 49.0
22%
Tackles 5 Rodney Harrison 603
20%
Interceptions 3 Rodney Harrison 26
20%
Rushing Yards 8 Chuck Muncie 3,309
19%
Rushing Yards 7 Natrone Means 3,885
15%
Receiving Yards 7 Wes Chandler 6,132
15%
Tackles 7 Donnie Edwards 543
13%
Sacks 6 Fred Dean 52.0
11%
Receiving Yards 9 Malcolm Floyd 5,550
11%
Tackles 9 Shaun Phillips 361
11%
Sacks 2 Shaun Phillips 69.5
11%
Receiving Yards 8 Anthony Miller 5,582
9%
Rushing Yards 9 Don Woods 2,858
9%
Interceptions 1 Gill Byrd 42
9%
Passing Yards 9 John Friesz 4,396
9%
Tackles 6 Leslie O'Neal 572
9%
Sacks 1 Leslie O'Neal 105.5
9%
Rushing Yards 4 Marion Butts 4,297
9%
Rushing Yards 10 Keith Lincoln 2,698
7%
Interceptions 4 Kenny Graham 25
6%
Tackles 4 Quentin Jammer 618
6%
Interceptions T7 Quentin Jammer 21
6%
Interceptions T7 Bob Howard 21
4%
Receiving Yards 5 Gary Garrison 7,533
4%
Tackles 2 Gary Plummer 792
4%
Passing Yards 7 Jack Kemp 5,996
4%
Interceptions 6 Joe Beauchamp 23
4%
Rushing Yards 2 Paul Lowe 4,972
4%
Interceptions T7 Speedy Duncan 21
4%
Tackles 10 Stephen Cooper 357
4%
Interceptions T7 Woodrow Lowe 21
4%
No matching quizzes found
Score Distribution
Percent of People with Each Score
Percentile by Number Answered
Your Score History
You have not taken this quiz